000 00303nam a2200121Ia 4500
008 241015s9999 xx 000 0 und d
041 _aeng
082 _a615.32 SH
100 _aMary Shipley
245 _aAromatherapy For Everyone
260 _bSquareone Pubishers
_aUSA
_c2019
300 _a171;. P. 22 cm
999 _c41678
_d41678